LEADER 00794nam a2200229 i 4500 001 000000165069 003 CaOOAMICUS 005 20071008000000.0 008 071008s1969 it u000 u ita u 013 $a142437 040 $aSeMil$bita 100 1 $aGramigna, Giuliano <1920- >.$0(OLS)http://semarc/name/25171 245 10$aMarcel ritrovato /$cGiuliano Gramigna. 260 $aMilano :$bRizzoli,$c1969. 300 $a248 p. ;$c23 cm. 490 0 $aLa scala 830 3$aLa scala.$0(OLS)http://semarc/title/7359 850 $aSeMil 852 $aSeMil$W1$xVenegono$y1$m1A V 215$j240138$B116268$CSeMilBibl$Z2$F127164 $81 961 $aRecupero: Altro 996 $6245$aMarcel ritrovato$9(OLS)http://semarc/title/235571 996 $6260$aMilano :$bRizzoli$9(OLS)http://semarc/publisher/29824 LEADER 01175nam a2200265 i 4500 001 000000057098 003 CaOOAMICUS 005 20150312000000.0 008 150312s1997 it u000 u ita u 013 $a28270 020 $a88-8025-097-3 040 $aSeMil$bita 100 1 $aCanavero, Alfredo,$d<1948- >.$0(OLS)http://semarc/name/18732 245 10$aAlcide De Gasperi :$bil trentino che ricostruì l'Italia e fondò l'Europa /$cAlfredo Canavero. 260 $aMilano :$bCentro Ambrosiano,$c1997. 300 $a103 p. ;$c19 cm. 490 0 $aProtagonisti del nostro tempo ;$v1 600 14$aDe Gasperi, Alcide <1881-1954>.$0(OLS)http://semarc/subject/3987 830 0$aProtagonisti del nostro tempo ;$v1.$0(OLS)http://semarc/title/444 850 $aSeMil 852 $aSeMil$W1$xVenegono$y1$m3N II 405$j23252$B23252$CSeMilBibl$Z2$F23254 $81 961 $aOmaggio: Brambilla don Franco Giulio 996 $6020$a88-8025-097-3$9(OLS)http://semarc/number/32372 996 $6245$aAlcide De Gasperi :$bil trentino che ricostruì l'Italia e fondò l'Europa$9(OLS)http://semarc/title/88817 996 $6260$aMilano :$bCentro Ambrosiano$9(OLS)http://semarc/publisher/29766